United states in the world arena: an essay in recent history (Record no. 424460)

000 -LEADER
fixed length control field 00529cam a22001577a 4500
008 - FIXED-LENGTH DATA ELEMENTS--GENERAL INFORMATION
fixed length control field 180718b1960 xxu||||| |||| 00| 0 eng d
082 ## - DEWEY DECIMAL CLASSIFICATION NUMBER
Classification number Dx73 R739
100 ## - MAIN ENTRY--PERSONAL NAME
Personal name Rostow, W.W.
245 ## - TITLE STATEMENT
Title United states in the world arena: an essay in recent history
Statement of responsibility, etc. by W.W. Rostow
260 ## - PUBLICATION, DISTRIBUTION, ETC.
Place of publication, distribution, etc. New York
Name of publisher, distributor, etc. Harper
Date of publication, distribution, etc. 1960
300 ## - PHYSICAL DESCRIPTION
Extent xxii, 568p
440 ## - SERIES STATEMENT/ADDED ENTRY--TITLE
Title American Project Series
650 ## - SUBJECT ADDED ENTRY--TOPICAL TERM
Topical term or geographic name entry element United States --Foreign relations --20th century
650 ## - SUBJECT ADDED ENTRY--TOPICAL TERM
Topical term or geographic name entry element United States --History --20th century
650 ## - SUBJECT ADDED ENTRY--TOPICAL TERM
Topical term or geographic name entry element World politics --20th century
Holdings
Withdrawn status Lost status Damaged status Not for loan Permanent Location Current Location Date acquired Full call number Barcode Date last seen Price effective from Koha item type
        Indian Institute of Public Administration Indian Institute of Public Administration 2009-09-22 Dx73 R739 21868 2018-07-21 2018-07-21 Book

Powered by Koha